Modelos de acumulación, clases sociales y agricultura /

में बचाया:
ग्रंथसूची विवरण
मुख्य लेखक: Arroyo, Gonzalo
स्वरूप: मूलपाठ
विषय:
टैग: टैग जोड़ें
कोई टैग नहीं, इस रिकॉर्ड को टैग करने वाले पहले व्यक्ति बनें!

MARC

LEADER 00000 a a2200000 04500
001 43594
003
040
100 |a Arroyo, Gonzalo  
245 |a Modelos de acumulación, clases sociales y agricultura /  |c Gonzalo Arroyo  
650 |a CAMPESINADO  
650 |a AMERINDIOS  
650 |a AMERICA LATINA  
650 |a DESIGUALDAD SOCIAL  
650 |a CLASES SOCIALES  
650 |a AGRICULTURA  
650 |a CAPITALISMO  
650 |a REFORMA AGRARIA  
773 |g volumen8, número22 ( , 1979), páginas 15-37  
999 |c 30030  |d 30030 
773 0 |0 18875  |9 5392  |a Universidad de Costa Rica.  |d San José, Costa Rica: Universidad de Costa Rica. Consejo Superior Universitario Centroamericano, 1972-  |o 14349  |t Estudios Sociales Centroamericanos /  |x 03039676